[Event "SVK-ch U08 Girls"]
[Site "Stara Lubovna"]
[Date "2022.05.28"]
[Round "10"]
[White "Krumlovska, Adela"]
[Black "Mrmusova, Marketa"]
[Result "1-0"]
[WhiteElo "1000"]
[BlackElo "1000"]
[PlyCount "61"]
[EventDate "2022.05.21"]
[EventType "tourn"]
[EventRounds "10"]
[EventCountry "SVK"]
[SourceTitle "CBM 208 Extra"]
[Source "ChessBase"]
[SourceDate "2022.07.31"]
[SourceVersion "1"]
[SourceVersionDate "2022.07.31"]
[SourceQuality "1"]

1. e4 e5 2. Bc4 Nf6 3. Nc3 Bc5 4. Nf3 d6 5. h3 0-0 6. d3 h6 7. Be3 Bb6 8. Bxb6 axb6 9. Nd5 c6 10. Nxf6+ Qxf6 11. Qd2 Nd7 12. a3 Nc5 13. b4 Na4 14. Bb3 Nb2 15. Qc3 c5 16. Qxb2 cxb4 17. axb4 Rxa1+ 18. Qxa1 Bd7 19. Qa7 Bc8 20. Qxb6 Qf4 21. Qxd6 Qc1+ 22. Ke2 Qxh1 23. Nh4 Re8 24. d4 exd4 25. Bd5 Qc1 26. Kd3 Qg1 27. Qg3 Qd1+ 28. Kc4 Qxc2+ 29. Kb5 Re7 30. Nf5 Rc7 31. Qxg7# 1-0

[Event "SVK-ch U08 Girls"]
[Site "Stara Lubovna"]
[Date "2022.05.23"]
[Round "4"]
[White "Krumlovska, Adela"]
[Black "Stricova, Viktoria Lea"]
[Result "0-1"]
[WhiteElo "1000"]
[BlackElo "1000"]
[PlyCount "78"]
[EventDate "2022.05.21"]
[EventType "tourn"]
[EventRounds "10"]
[EventCountry "SVK"]
[SourceTitle "CBM 208 Extra"]
[Source "ChessBase"]
[SourceDate "2022.07.31"]
[SourceVersion "1"]
[SourceVersionDate "2022.07.31"]
[SourceQuality "1"]

1. e4 e5 2. Bc4 Nc6 3. Qf3 Qe7 4. Qe2 Nf6 5. Nc3 d6 6. h3 Nh5 7. Qxh5 g6 8. Qe2 Nd4 9. Qd3 a6 10. Nd5 Qd7 11. Ne2 Nc6 12. Bb3 a5 13. Ba4 Bg7 14. Qc4 0-0 15. d3 Ra6 16. Bh6 Qd8 17. Bxg7 Kxg7 18. Bb5 Rb6 19. Nxb6 cxb6 20. Bxc6 bxc6 21. Qxc6 Bd7 22. Qd5 Be6 23. Qb5 Qb8 24. Qc6 Rc8 25. Qa4 g5 26. Nc3 b5 27. Qxa5 b4 28. Nb5 Rc6 29. Qxb4 g4 30. hxg4 Qc8 31. Na7 Qa8 32. Nxc6 Qxc6 33. d4 Qxe4+ 34. Kf1 Bd5 35. Rd1 Qxg2+ 36. Ke2 Qf3+ 37. Kd2 Be4 38. Rde1 Qxf2+ 39. Kc3 Qxc2# 0-1